000 00662nam a22002177a 4500
005 20251108175516.0
008 250721s9999 xx 000 0 eng d
082 1 4 _aJ/F/SAI
100 1 _asaid, tarek
245 1 4 _aThe Conceited Rabbit /
246 1 1 _aالأرنب المغرور
264 1 _aالقاهرة :
_bدار الكتب المصرية,
300 _a12P.
490 0 _aسلسلة أحلى الحكايات
650 1 7 _aادب الاطفال
650 1 7 _aالادب العربي
650 1 7 _aالروايات العربية
653 _aأطفال مرحلة متوسطة ( 6 - 9 سنوات )
942 _2ddc
_cBK
999 _c135777
_d135777